000 00392nam a2200145Ia 4500
005 20260328104336.0
008 260328s9999||||xx |||||||||||||| ||und||
100 _aVillazón Godoy, Rafael
245 0 _aEficiencia Lumíníca en Arquitectura /
_cRafael Villazón Godoy
250 _a1a ed.
260 _bUniversidad de los Andes
300 _a117 p.
650 _aARQUITECTURA
942 _cBK
999 _c11890
_d11890